01121nam a2200253Ia 450000500170000000800410001702000150005810000200007324501190009325000120021230000430022450502660026765000410053365000390057465000300061365000360064370000220067926400310070133600270073233700330075933800280079204000350082008400120085520220317000145.0141031s9999 xx 000 0 und d a847960303810aEsteban, Alicia10aCuentos de la mitología Griega, III : en el mar c Alicia Esteban, Mercedes Aguirre ; ilustraciones Siro López a2a. ed. a126 páginas bilustraciones c22 cm. acuentos de la mitología griega III : En el mar -- Los habitantes de las profundidades -- Surcando las aguas : las aventuras de Ulises el marino -- Lugares y personajes mitológicos -- Aproximación al mundo griego -- El mar en el mito -- El mar en la histor14aCuentos infantiles españoles2LEMB14aMitología en la literatura2LEMB14aLeyendas infantiles2LEMB14aHéroes en la literatura2LEMB10aAguirre, Mercedes aMadrid bDe la Torrec2001 atextobtxt2rdacontent asin mediaciónbn2rdamedia avolumenbnc2rdacarrier aCO-BoRNBPbspaerdacCO-BoRNBP aLM EST4